Statistiques concernant Cliquez sur le film Disney par chanson #2

Cliquez ici pour prendre le quiz!

Statistiques générales

  • Ce quiz a été pris 16 005 fois
  • Le résultat moyen est 16 sur 25

Statistiques - réponses

HintRéponse% Correct
Sous l'océanLa petite sirène
91%
Je voudrais un bonhomme de neigeLa reine des neiges
90%
Libérée, délivréeLa reine des neiges
90%
Un pantin de boisPinocchio
88%
Le Cœur de glaceLa reine des neiges
87%
Sifflez en travaillantBlanche-Neige et les sept nains
86%
De zéro en hérosHercule
86%
Les PoissonsLa petite sirène
85%
Heigh-HoBlanche-Neige et les sept nains
82%
Un jour mon prince viendraBlanche-Neige et les sept nains
73%
GastonLa Belle et la Bête
69%
Où est la vraie vie ?Raiponce
69%
En étéLa reine des neiges
68%
C'est la fêteLa Belle et la Bête
65%
N'écoute que moiRaiponce
57%
Partir là-bas / Parmi ces gensLa petite sirène
54%
L'amour est un cadeauLa reine des neiges
45%
Je veux y croireRaiponce
45%
Quand on prie la bonne étoilePinocchio
43%
Le monde qui est le mienHercule
38%
Embrasse-la / Doux baiserLa petite sirène
37%
Sans aucun lienPinocchio
32%
Pauvres âmes en perditions / Pauvres petites âmes en peineLa petite sirène
27%
Je ne savais pasLa Belle et la Bête
22%
Sifflez vite, vite !Pinocchio
20%

Distribution des résultats

Percentile par nombre de réponses

% des personnes avec chaque résultat

Votre développement - résultats

Vous n’avez pas pris ce quiz